| 000 | 00390cam a2200157ua 4500 | ||
|---|---|---|---|
| 041 |
_amal _h |
||
| 082 |
_a894.301 _bNAI/UL |
||
| 100 | _aNair, M N M . | ||
| 245 |
_aUleesiasinte prathyagamanam / _cM N M Nair. _hTextual Documents |
||
| 250 |
_a1 / _b. |
||
| 260 |
_aTrivandrum : _bBalan publications , _c1963. |
||
| 300 | _a39 ; . | ||
| 504 | _a | ||
| 942 | _cBK | ||
| 999 |
_c11526 _d11526 |
||